000 00904nam0a22002531 4500
001 rc\3768922
005 20120127163710.2
021 _aRU
_b[75-38[22]
035 _a(NLR Aleph) 007224953
090 _a7709302
_c7709302
100 _a20120127d1975 |||y0rusy50 ca
101 0 _arus
102 _aRU
105 _aa z |||||
200 1 _aГрафоаналитическая геометрия
_eУчеб. пособие
_fМ-во высш. и сред. спец. образования РСФСР. Ленингр. инж.-строит. ин-т
210 _aЛенинград
_c[ЛИСИ]
_d1975
215 _a115 с.
_cчерт.
_d20
606 _aГрафоаналитическая геометрия
_2psbo
700 1 _aАнанов
_bГ. Д.
_gГеоргий Давыдович
801 0 _aRU
_bNLR
_gpsbo
801 1 _aRU
_bELAR
_2rusmarc
852 _aNLR
_j75-3/2713
942 _cBOOK
980 _aNB